PATANJAL YOGSHASTRANCHA ABHIPRAY (Record no. 357168)

MARC details
000 -LEADER
fixed length control field 003540000a22001570004500
005 - DATE AND TIME OF LATEST TRANSACTION
control field 20120302062613.0
040 ## - CATALOGING SOURCE
Original cataloging agency MAR
100 ## - MAIN ENTRY--PERSONAL NAME
Personal name
--
Numeration
Titles and other words associated with a name
245 ## - TITLE STATEMENT
Title PATANJAL YOGSHASTRANCHA ABHIPRAY
260 ## - PUBLICATION, DISTRIBUTION, ETC. (IMPRINT)
Place of publication, distribution, etc MUMBAI:UNIVERSAL CHHAPKAHNA,1897
300 ## - PHYSICAL DESCRIPTION
Extent 194 P.
650 ## - SUBJECT ADDED ENTRY--TOPICAL TERM
Topical term or geographic name as entry element YOGA SASTRA
650 ## - SUBJECT ADDED ENTRY--TOPICAL TERM
Topical term or geographic name as entry element PATANJAL
650 ## - SUBJECT ADDED ENTRY--TOPICAL TERM
Topical term or geographic name as entry element YOG SUTRA
942 ## - ADDED ENTRY ELEMENTS (KOHA)
Koha item type Book
Holdings
Withdrawn status Lost status Damaged status Not for loan Home library Current library Date acquired Total Checkouts Barcode Date last seen Price effective from
        Institute For Oriental Study, Thane Institute For Oriental Study, Thane 12/02/2009   IOS-18224 12/02/2009 12/02/2009